000 00624nam a22002177a 4500
003 UA-OsUOA
001 36090
007 ta
008 20060705b un ||||| |||| 00| 0 ukr d
090 _a061.234
_bУ45
942 _cBK
040 _aUA-OsUOA
_bukr
_cUA-OsUOA
_dUA-OsUOA
245 _aУкраїнці у вільному світі
_bЮвілейна книга Українського Народного Союзу 1894-1954
300 _a383 с.
955 _a1
041 _aukr
080 _a061.234
260 _aДжерзі Сіти
_c1954
650 7 _a0 Загальний відділ.
_2UDC
999 _c428678
_d428678